000 00953nam a2200241 a 4500
003 MX-MxUPN
005 20230919063603.0
008 030917s1997 mx r 000 0 spa d
020 _a9683600654
035 _aUPN01000128880
040 _aMX-MxUPN
_bspa
_cMX-MxUPN
041 0 _aspa
050 0 0 _aPQ7297 C83
_bS66 1987
100 1 _aCuesta, Jorge,
_d1903-1941
_930664
245 1 0 _aSonetos /
_ccon un retrato escrito y un estudio preliminar de Cristina Múgica ; además una carta astrológica natal levantada por María Eugenia Peláez Cuesta ; interpretación de Víctor del Valle y Cristina Múgica.
250 _aPrimera edición.
260 _aMéxico, D.F. :
_bUniversidad Nacional Autónoma de México, Coordinación de Humanidades,
_c1987.
300 _a109 páginas
490 0 _aBiblioteca de letras
600 1 4 _aCuesta, Jorge,
_d1903-1942
_xCrítica e interpretación
_945816
902 _aVíctor Ruiz/180923
942 _2lcc
_cLIBRO
999 _c101053
_d101053